Mengenal homeopathy secara ringkas
| Main Author: | |
|---|---|
| Format: | Book |
| Published: |
[S. I] :
[S. N] ,
[19--]
|
| Series: | Kuliah perubatan homeopathy
siri 1.2 |
| Subjects: |
MARC
| LEADER | 00000cam a2200000 7i4500 | ||
|---|---|---|---|
| 001 | 0000008979 | ||
| 005 | 20191014093000.0 | ||
| 008 | 021119n | ||
| 090 | 0 | 0 | |a RX71 |b .M65 |
| 100 | 0 | |a Muhammad Nor Hj. Noordin , |e author | |
| 245 | 0 | 0 | |a Mengenal homeopathy secara ringkas |c oleh Mohd Nor bin Hj. Noordin |
| 260 | 2 | |a [S. I] : |b [S. N] , |c [19--] | |
| 300 | |a 17 ms. ; ; |c 29 sm. | ||
| 440 | 0 | 0 | |a Kuliah perubatan homeopathy |v siri 1.2 |
| 650 | 0 | |a Homeopathy | |
| 999 | |a 1000036713 |b Book |c OPEN SHELF (30 DAYS) |e Gong Badak Campus | ||